000 00738nam a2200205Ia 4500
003 GCL
008 140319s9999 xx 000 0 ara d
040 _aGCL /
_cGCL
082 0 4 _a624.17
_bع ا
100 1 _aعماد محمد عدنان تنبكجى
245 1 0 _aاساليب الانشاء وطرق التحليل الانشائى /
_cعماد محمد عدنان تنبكجى
300 _a96 ص
490 _aمختصر العلوم الهندسية
_v0
650 0 4 _aالهندسة
650 0 4 _aالهندسة الانشائية
650 0 4 _aالهندسة الانشائية - نظريات
650 0 4 _aالتحليل الانشائى
650 0 4 _aالهندسة الانشائية - تصميمات
942 _2ddc
_cBK
999 _c49895
_d49895